000 00650cam a2200229Ia 4500
008
020 _a0979387302 (pbk. )
090 _aREF TK5102
_bNEW
100 1 _aNewton, Harry.
245 1 0 _aNewton's telecom dictionary /
_cHarry Newton.
246 3 0 _aTelecom dictionary.
250 _a23rd ed.
260 _aNew York :
_bFlatiron Publishing,
_c2007.
300 _a1051 p. :
_bill. ;
_c24 cm.
650 0 _aTelecommunication
_vDictionaries.
907 _a.b10298563
_b14-06-11
_c14-06-11
003
005 20230123125313.0
040 _cNUST
049 _aMAIN
942 _cBOOKS
_kREF TK5102
_mNEW
999 _c139226
_d139226